| 000 | 00534nam a2200181Ia 4500 | ||
|---|---|---|---|
| 008 | 151202s9999||||xx |||||||||||||| ||und|| | ||
| 082 | _bPNVM-37127 | ||
| 100 | _aदळवी जयवंत. | ||
| 245 | _aकिनारा. | ||
| 260 | _b"मॅजेस्टिक प्रकाशन,गिरगाव." | ||
| 260 | _c1987 | ||
| 300 | _a75 | ||
| 600 | _aदळवी जयवंत. | ||
| 630 | _aकिनारा. | ||
| 700 | _aदळवी जयवंत. | ||
| 730 | _aकिनारा. | ||
| 942 | _cBOOK | ||
| 999 |
_c1303079 _d1303076 |
||